Bharatar samajtattwa - dwittiya khanda (Major 5)/ (Record no. 12032)

MARC details
000 -LEADER
fixed length control field 00669nam a22002177a 4500
005 - DATE AND TIME OF LATEST TRANSACTION
control field 20260515115047.0
008 - FIXED-LENGTH DATA ELEMENTS--GENERAL INFORMATION
fixed length control field 250225b |||||||| |||| 00| 0 eng d
020 ## - INTERNATIONAL STANDARD BOOK NUMBER
International Standard Book Number 9789358490794
040 ## - CATALOGING SOURCE
Original cataloging agency IN-DiNC
Transcribing agency IN-DiNC
041 ## - LANGUAGE CODE
Language code of sung or spoken text asm
082 ## - DEWEY DECIMAL CLASSIFICATION NUMBER
Classification number 301.0954
Item number BHU
100 ## - MAIN ENTRY--PERSONAL NAME
Personal name Bhuyan, Dilip Kumar
Relator term author
245 ## - TITLE STATEMENT
Title Bharatar samajtattwa - dwittiya khanda (Major 5)/
Statement of responsibility, etc. by Dilip Kumar Bhuyan, Prashanta Phukan and Ayushree Dowarah
250 ## - EDITION STATEMENT
Edition statement 1st ed.
260 ## - PUBLICATION, DISTRIBUTION, ETC.
Place of publication, distribution, etc. Dibrugarh:
Name of publisher, distributor, etc. Banalata,
Date of publication, distribution, etc. 2025.
300 ## - PHYSICAL DESCRIPTION
Extent 255p.
650 ## - SUBJECT ADDED ENTRY--TOPICAL TERM
Topical term or geographic name entry element Sociology of India-II (Major 5)
700 ## - ADDED ENTRY--PERSONAL NAME
Personal name Phukan, Prashanta
Relator term author
700 ## - ADDED ENTRY--PERSONAL NAME
Personal name Dowarah, Ayushree
Relator term author
942 ## - ADDED ENTRY ELEMENTS (KOHA)
Source of classification or shelving scheme Dewey Decimal Classification
Koha item type Books
Holdings
Withdrawn status Lost status Source of classification or shelving scheme Damaged status Not for loan Collection Home library Current library Shelving location Date acquired Cost, normal purchase price Total checkouts Full call number Barcode Date last seen Date last checked out Copy number Price effective from Koha item type
    Dewey Decimal Classification       Naharkatiya College Library Naharkatiya College Library General stacks 02/25/2025 300.00 6 301.0954 BHU 30545 04/24/2026 04/24/2026 1 02/25/2025 Books
    Dewey Decimal Classification       Naharkatiya College Library Naharkatiya College Library General stacks 02/25/2025 300.00 11 301.0954 BHU 30546 05/02/2026 05/02/2026 2 02/25/2025 Books
    Dewey Decimal Classification       Naharkatiya College Library Naharkatiya College Library General stacks 02/25/2025 300.00 7 301.0954 BHU 30547 03/27/2026 03/27/2026 3 02/25/2025 Books